| 000 | 00829 a2200193 4500 | ||
|---|---|---|---|
| 999 |
_c1069 _d1069 |
||
| 020 | _a086922526X | ||
| 050 | 0 | 0 | _aGE1055. MAG1992 |
| 100 | 1 | _aMagadza, C. H. D. | |
| 245 | 1 | 0 |
_aConservation for preserving the environment / _cC.H.D. Magadza ; University Lake Kariba Research Station in collaboration with UNESCO (MAB) (Zimbabwe) and the National Conservation Trust of Zimbabwe. |
| 264 |
_aGweru: _bmambo press., _c1992 |
||
| 300 |
_a62 p. : _bill. ; |
||
| 500 | _ait does not have an index | ||
| 650 | 0 | _aConservation of natural resources | |
| 710 | 2 | _aUniversity Lake Kariba Research Station. | |
| 710 | 2 | _aUNESCO (MAB) (Zimbabwe) | |
| 710 | 2 | _aZimbabwe National Conservation Trust. | |
| 942 |
_2lcc _cBK _h1055 _iMAG _k1992 |
||